<?xml version='1.0' encoding='UTF-8'?>
  <record xmlns="http://www.loc.gov/MARC21/slim">
    <leader>00000cam a2200000 i 4500</leader>
    <controlfield tag="001">ocn902169413</controlfield>
    <controlfield tag="003">OCoLC</controlfield>
    <controlfield tag="005">20250104013850.3</controlfield>
    <controlfield tag="008">150127s1590    fr            000 0 lat d</controlfield>
    <datafield tag="040" ind1=" " ind2=" ">
      <subfield code="a">NLGGC</subfield>
      <subfield code="b">dut</subfield>
      <subfield code="e">fobidrtb</subfield>
      <subfield code="c">NLGGC</subfield>
      <subfield code="d">QGJ</subfield>
      <subfield code="d">OCLCA</subfield>
      <subfield code="d">OCLCL</subfield>
      <subfield code="d">OCLCQ</subfield>
    </datafield>
    <datafield tag="029" ind1="0" ind2=" ">
      <subfield code="a">NLGGC</subfield>
      <subfield code="b">388598417</subfield>
    </datafield>
    <datafield tag="035" ind1=" " ind2=" ">
      <subfield code="a">(OCoLC)902169413</subfield>
    </datafield>
    <datafield tag="100" ind1="1" ind2=" ">
      <subfield code="a">Berchetus, Tussanus,</subfield>
      <subfield code="d">ca. 1540-1607.</subfield>
      <subfield code="1">https://id.oclc.org/worldcat/entity/E39PBJmTmtxx9QkCtVQyVwhJXd</subfield>
    </datafield>
    <datafield tag="245" ind1="1" ind2="0">
      <subfield code="a">Explicatio controversiarum quae a nonnullis moventur de Henrici Borbonii regis in regnum Franciae constitutione :</subfield>
      <subfield code="b">opus hoc maxime tempore utilissimum, in quo permulta quae ab aliis antehac ejusdem argumenti scriptoribus vel praetermissa ... /</subfield>
      <subfield code="c">a Tossano Bercheto.</subfield>
    </datafield>
    <datafield tag="260" ind1=" " ind2=" ">
      <subfield code="a">Sedani :</subfield>
      <subfield code="b">typis Matthaei Hilarii,</subfield>
      <subfield code="c">1590.</subfield>
    </datafield>
    <datafield tag="300" ind1=" " ind2=" ">
      <subfield code="a">48, 352 p. ;</subfield>
      <subfield code="c">in-8 (18 cm)</subfield>
    </datafield>
    <datafield tag="336" ind1=" " ind2=" ">
      <subfield code="a">tekst</subfield>
      <subfield code="b">txt</subfield>
      <subfield code="2">rdacontent/dut</subfield>
    </datafield>
    <datafield tag="337" ind1=" " ind2=" ">
      <subfield code="a">zonder medium</subfield>
      <subfield code="b">n</subfield>
      <subfield code="2">rdamedia/dut</subfield>
    </datafield>
    <datafield tag="338" ind1=" " ind2=" ">
      <subfield code="a">band</subfield>
      <subfield code="b">nc</subfield>
      <subfield code="2">rdacarrier/dut</subfield>
    </datafield>
    <datafield tag="500" ind1=" " ind2=" ">
      <subfield code="a">Impressum: Sedani typis Matthaei Hilarii. M.D.XC.</subfield>
    </datafield>
    <datafield tag="510" ind1="4" ind2=" ">
      <subfield code="a">Bibliotheca bibliographica Aureliana,</subfield>
      <subfield code="c">48, 65 (2)</subfield>
    </datafield>
    <datafield tag="510" ind1="4" ind2=" ">
      <subfield code="a">Index Aureliensis.</subfield>
      <subfield code="c">117110</subfield>
    </datafield>
    <datafield tag="600" ind1="0" ind2="4">
      <subfield code="a">Hendrik</subfield>
      <subfield code="b">IV,</subfield>
      <subfield code="c">koning van Frankrijk,</subfield>
      <subfield code="d">1553-1610.</subfield>
    </datafield>
    <datafield tag="700" ind1="0" ind2=" ">
      <subfield code="a">Hendrik</subfield>
      <subfield code="b">IV,</subfield>
      <subfield code="c">koning van Frankrijk.</subfield>
      <subfield code="4">dte</subfield>
    </datafield>
    <datafield tag="758" ind1=" " ind2=" ">
      <subfield code="a">Explicatio controversiarum quae a nonnullis moventur de Henrici Borbonii regis in regnum Franciae constitutione (Text)</subfield>
      <subfield code="1">https://id.oclc.org/worldcat/entity/E39PCGvd9BCRv3hCJVfkHgyVyd</subfield>
      <subfield code="4">https://id.oclc.org/worldcat/ontology/hasWork</subfield>
    </datafield>
    <datafield tag="936" ind1=" " ind2=" ">
      <subfield code="a">BATCHLOAD</subfield>
    </datafield>
  </record>